000
00257nam a2200109Ia 4500
005
20251222154357.0
008
251222s9999||||xx |||||||||||||| ||spa||
082
_a
868.9/V62
100
_a
"Vicent, Manuel"
245
0
_a
JardÃn de Villa Valeria
942
_c
LIB
999
_c
35131
_d
35131